<?xml version="1.0" encoding="UTF-8"?>
<collection xmlns="http://www.loc.gov/MARC21/slim">
 <record>
  <leader>01029nam a2200205 a 4500</leader>
  <controlfield tag="008">091018s2006    ii a          000 0 eng d</controlfield>
  <datafield tag="040" ind1=" " ind2=" ">
   <subfield code="a">MH-L</subfield>
   <subfield code="c">MH-L</subfield>
  </datafield>
  <datafield tag="082" ind1="0" ind2="0">
   <subfield code="a">343/.0954/03</subfield>
   <subfield code="2">21</subfield>
  </datafield>
  <datafield tag="100" ind1="1" ind2=" ">
   <subfield code="a">Jhabvala, Noshirvan H.</subfield>
  </datafield>
  <datafield tag="245" ind1="1" ind2="4">
   <subfield code="a">The Indian Penal Code (Act XLV of 1860) :</subfield>
   <subfield code="b"> together with the relevant portion of jurisprudence /</subfield>
   <subfield code="c">by Noshirvan H. Jhabvala.</subfield>
  </datafield>
  <datafield tag="250" ind1=" " ind2=" ">
   <subfield code="a">32nd ed.</subfield>
  </datafield>
  <datafield tag="260" ind1=" " ind2=" ">
   <subfield code="a">Mumbai :</subfield>
   <subfield code="b">C. Jamnadas,</subfield>
   <subfield code="c">2006 [reprinted 2006].</subfield>
  </datafield>
  <datafield tag="300" ind1=" " ind2=" ">
   <subfield code="a">vi, 320 p. ;</subfield>
   <subfield code="c">24 cm.</subfield>
  </datafield>
  <datafield tag="541" ind1="1" ind2=" ">
   <subfield code="e">00015208</subfield>
  </datafield>
  <datafield tag="650" ind1=" " ind2="0">
   <subfield code="a">Criminal law</subfield>
   <subfield code="z">India.</subfield>
  </datafield>
  <datafield tag="700" ind1="1" ind2=" ">
   <subfield code="a">Yusuf, Iqbal Muhammed.</subfield>
  </datafield>
  <datafield tag="852" ind1="4" ind2=" ">
   <subfield code="a">Ayesha Abed Library</subfield>
   <subfield code="j">General shelf</subfield>
  </datafield>
  <datafield tag="999" ind1=" " ind2=" ">
   <subfield code="c">4679</subfield>
   <subfield code="d">4679</subfield>
  </datafield>
  <datafield tag="952" ind1=" " ind2=" ">
   <subfield code="0">0</subfield>
   <subfield code="1">4</subfield>
   <subfield code="2">ddc</subfield>
   <subfield code="4">0</subfield>
   <subfield code="6">343_095403000000000_JHA</subfield>
   <subfield code="7">0</subfield>
   <subfield code="9">4465</subfield>
   <subfield code="a">BRACUL</subfield>
   <subfield code="b">BRACUL</subfield>
   <subfield code="c">GEN</subfield>
   <subfield code="d">2009-10-18</subfield>
   <subfield code="g">341.00</subfield>
   <subfield code="l">4</subfield>
   <subfield code="m">27</subfield>
   <subfield code="o">343.095403 JHA</subfield>
   <subfield code="p">3010015208</subfield>
   <subfield code="r">2017-06-21</subfield>
   <subfield code="s">2017-06-14</subfield>
   <subfield code="t">1</subfield>
   <subfield code="v">682.00</subfield>
   <subfield code="w">2009-10-18</subfield>
   <subfield code="y">BK</subfield>
   <subfield code="x">Koha Inventory 2020</subfield>
  </datafield>
  <datafield tag="952" ind1=" " ind2=" ">
   <subfield code="0">0</subfield>
   <subfield code="1">0</subfield>
   <subfield code="2">ddc</subfield>
   <subfield code="4">0</subfield>
   <subfield code="6">343_095403000000000_JHA_2006</subfield>
   <subfield code="7">0</subfield>
   <subfield code="9">4466</subfield>
   <subfield code="a">BRACUL</subfield>
   <subfield code="b">BRACUL</subfield>
   <subfield code="c">GEN</subfield>
   <subfield code="d">2009-10-18</subfield>
   <subfield code="g">341.00</subfield>
   <subfield code="l">5</subfield>
   <subfield code="m">66</subfield>
   <subfield code="o">343.095403 JHA</subfield>
   <subfield code="p">3010015209</subfield>
   <subfield code="r">2025-06-19</subfield>
   <subfield code="s">2025-04-13</subfield>
   <subfield code="t">2</subfield>
   <subfield code="v">682.00</subfield>
   <subfield code="w">2009-10-18</subfield>
   <subfield code="y">BK</subfield>
  </datafield>
 </record>
</collection>
